HUMAN ANATOMY : LOWER LIMB ABDOMEN & PELVIS VOLUME-II (Record no. 20995)

MARC details
000 -LEADER
fixed length control field 00363nam a22001577a 4500
003 - CONTROL NUMBER IDENTIFIER
control field SGT
020 ## - INTERNATIONAL STANDARD BOOK NUMBER
International Standard Book Number 9789388902748
082 ## - DEWEY DECIMAL CLASSIFICATION NUMBER
Classification number 611
Item number H21C
100 ## - MAIN ENTRY--PERSONAL NAME
Personal name CHAURASIA, BD
245 ## - TITLE STATEMENT
Title HUMAN ANATOMY : LOWER LIMB ABDOMEN & PELVIS VOLUME-II
250 ## - EDITION STATEMENT
Edition statement 8TH
260 ## - PUBLICATION, DISTRIBUTION, ETC. (IMPRINT)
Place of publication, distribution, etc INDIA
Name of publisher, distributor, etc CBS PUB
Year of Publication 2021
300 ## - PAGE DESCRIPTION
No. of Pages 532
650 ## - SUBJECT ADDED ENTRY--TOPICAL TERM
Topical term or geographic name as entry element HUMAN ANATOMY
942 ## - ADDED ENTRY ELEMENTS (KOHA)
Source of classification or shelving scheme Dewey Decimal Classification
Koha item type Books
942 ## - ADDED ENTRY ELEMENTS (KOHA)
-- 93
Holdings
Withdrawn status Lost status Source of classification or shelving scheme Damaged status Not for loan Collection code Home library Current library Shelving location Date acquired Vendor Name Cost, normal purchase price Volume Information (Serial or Books or Non-Book Material) SGTU Bill Number Total Checkouts Full call number Accession No. (Barcode) Date last seen Date last borrowed Bill Date Koha item type
    Dewey Decimal Classification     MEDICAL SGT Medical Library SGT Medical Library Text Book 30/03/2021 ABC DELHI 725.00 VOLUME-II SGTU 12725 31 611 H21C FM12387 04/08/2025 04/08/2025 19/02/2021 Books
    Dewey Decimal Classification     MEDICAL SGT Medical Library SGT Medical Library Text Book 30/03/2021 ABC DELHI 725.00 VOLUME-II SGTU 12725 28 611 H21C FM12388 26/06/2025 12/06/2025 19/02/2021 Books
    Dewey Decimal Classification     MEDICAL SGT Medical Library SGT Medical Library Text Book 30/03/2021 ABC DELHI 725.00 VOLUME-II SGTU 12725 46 611 H21C FM12389 05/02/2026 13/01/2026 19/02/2021 Books